[Event "Washington Congress 3rd"]
[Site "Arlington"]
[Date "2016.10.08"]
[Round "6"]
[White "Kadric, Denis"]
[Black "Zhang, Yuanchen"]
[Result "1/2-1/2"]
[WhiteElo "2594"]
[BlackElo "2289"]
[PlyCount "63"]
[EventDate "2016.10.05"]
[EventType "swiss"]
[EventRounds "9"]
[EventCountry "USA"]
[SourceTitle "EXT 2018"]
[Source "ChessBase"]
[SourceDate "2017.10.13"]
[SourceVersion "1"]
[SourceVersionDate "2017.10.13"]
[SourceQuality "1"]

1. e4 e5 2. Nf3 Nc6 3. Nc3 Nf6 4. Bb5 Bb4 5. 0-0 0-0 6. d3 d6 7. Ne2 Ne7 8. Ng3 c6 9. Ba4 Ng6 10. c3 Ba5 11. d4 Re8 12. Bc2 Bc7 13. Re1 h6 14. h3 Nh7 15. Be3 Ng5 16. dxe5 dxe5 17. Nxg5 hxg5 18. Nf5 Nf4 19. g3 Qxd1 20. Raxd1 Nxh3+ 21. Kg2 g4 22. Bb3 Bxf5 23. exf5 Red8 24. Rxd8+ Rxd8 25. Bd1 f6 26. Bb3+ Kf8 27. Bc5+ Ke8 28. Re4 Rd2 29. Rxg4 Nxf2 30. Bxf2 Bb6 31. Rxg7 Rxf2+ 32. Kh3 1/2-1/2